| 000 | 00849nam a22002297a 4500 | ||
|---|---|---|---|
| 999 |
_c364578 _d364578 |
||
| 001 | 78269 | ||
| 003 | UA-OsUOA | ||
| 005 | 20200423171313.0 | ||
| 007 | ta | ||
| 008 | 20111007b un ||||| |||| 00| 0 ukr d | ||
| 020 | _a9789664570623 | ||
| 040 |
_aUA-OsUOA _bukr _cUA-OsUOA _dUA-OsUOA |
||
| 041 | _aukr | ||
| 080 | _a94(477+438)"19" | ||
| 090 |
_a94(477+438)"19" _bЗ-12 |
||
| 245 |
_aЗа тебе, Україно... _bз архіву в'язнів концтабору Береза-Картузька (1934 - 1935) часів ІІ Річі Посполитої Польської _cО. Ільїн, С. Шандрук, П. Мазур, А. Гудима |
||
| 260 |
_aТернопіль _bТерно-граф _c2010 |
||
| 300 | _a254 с. | ||
| 650 | 7 |
_a9 Географія. Біографії. Історія _2UDC |
|
| 942 |
_cBK _2udc |
||
| 955 | _a1 | ||